Pesäpallon suomenmestarit 1922-2022 - Statistics

Yleistilastot
  • Tätä visaa on pelattu 293 kertaa
  • Keskiarvotulos 48 / 99
Vastaustilastot
Hint Vastaus % Oikein
1963 Sotkamon Jymy
97%
1990 Sotkamon Jymy
97%
1992 Sotkamon Jymy
97%
1993 Sotkamon Jymy
97%
1995 Sotkamon Jymy
97%
1996 Sotkamon Jymy
97%
1997 Sotkamon Jymy
97%
2001 Sotkamon Jymy
97%
2002 Sotkamon Jymy
97%
2003 Sotkamon Jymy
97%
2004 Sotkamon Jymy
97%
2006 Sotkamon Jymy
97%
2009 Sotkamon Jymy
97%
2011 Sotkamon Jymy
97%
2012 Sotkamon Jymy
97%
2013 Sotkamon Jymy
97%
2014 Sotkamon Jymy
97%
2015 Sotkamon Jymy
97%
2020 Sotkamon Jymy
97%
1960 Vimpelin Veto
89%
1965 Vimpelin Veto
89%
2010 Vimpelin Veto
89%
2016 Vimpelin Veto
89%
2017 Vimpelin Veto
89%
2022 Vimpelin Veto
89%
2018 Joensuun Maila
72%
2019 Joensuun Maila
72%
1979 Hyvinkään Tahko
66%
1980 Hyvinkään Tahko
66%
1981 Hyvinkään Tahko
66%
2007 Hyvinkään Tahko
66%
1966 Kouvolan Pallonlyöjät
66%
1967 Kouvolan Pallonlyöjät
66%
1968 Kouvolan Pallonlyöjät
66%
1969 Kouvolan Pallonlyöjät
66%
1976 Kouvolan Pallonlyöjät
66%
1971 Oulun Lippo
50%
1972 Oulun Lippo
50%
1994 Oulun Lippo
50%
1998 Oulun Lippo
50%
2008 Pattijoen Urheilijat
50%
1988 Alajärven Ankkurit
49%
1989 Alajärven Ankkurit
49%
1953 Jyväskylän Kiri
48%
1956 Jyväskylän Kiri
48%
1957 Jyväskylän Kiri
48%
1958 Jyväskylän Kiri
48%
1964 Jyväskylän Kiri
48%
1982 Jyväskylän Kiri
48%
1984 Jyväskylän Kiri
48%
1975 Seinäjoen Maila-Jussit
46%
1983 Seinäjoen Maila-Jussit
46%
1985 Seinäjoen Maila-Jussit
46%
1987 Seinäjoen Maila-Jussit
46%
1977 Imatran Pallo-Veikot
38%
1978 Imatran Pallo-Veikot
38%
1986 Imatran Pallo-Veikot
38%
1991 Imatran Pallo-Veikot
38%
1999 Kiteen Pallo -90
29%
2000 Kiteen Pallo -90
29%
2005 Kiteen Pallo -90
29%
1929 Lahden Mailaveikot
25%
1930 Lahden Mailaveikot
25%
1931 Lahden Mailaveikot
25%
1932 Lahden Mailaveikot
25%
1949 Lahden Mailaveikot
25%
1950 Lahden Mailaveikot
25%
1951 Lahden Mailaveikot
25%
1952 Lahden Mailaveikot
25%
1939 Haminan Palloilijat
21%
1943 Haminan Palloilijat
21%
1947 Haminan Palloilijat
21%
1948 Haminan Palloilijat
21%
1954 Haminan Palloilijat
21%
1955 Haminan Palloilijat
21%
1974 Haminan Palloilijat
21%
1922 Helsingin Pallonlyöjät
19%
1923 Helsingin Pallonlyöjät
19%
1924 Helsingin Pallonlyöjät
19%
1926 Helsingin Pallonlyöjät
19%
1927 Helsingin Pallonlyöjät
19%
1934 Helsingin Pallonlyöjät
19%
1938 Helsingin Pallonlyöjät
19%
1970 Ulvilan Pesä-Veikot
15%
1928 Viipurin Pallonlyöjät
15%
1973 Puna-Mustat, Helsinki
13%
1933 Riihimäen Pallonlyöjät
11%
1942 Valtion Lentokonetehdas
11%
1925 Lahden suojeluskunta
10%
2021 Manse PP Edustus, Tampere
10%
1959 Pallo-Toverit, Helsinki
9%
1961 Ilmajoen Kisailijat
7%
1962 Ilmajoen Kisailijat
7%
1936 Hämeenlinnan Pallokerho
6%
1935 Kuusankosken Veto
5%
1937 Kuusankosken Veto
5%
1940 Kuusankosken Veto
5%
1945 Toijalan Pallo-Veikot
4%
1946 Toijalan Pallo-Veikot
4%
Ehtoja vastaavia visoja ei löytynyt
Tulosjakauma
Jokaisen tuloksen saaneiden osuus
Persentiili vastausten määrän mukaan
Tuloshistoriasi
Et ole pelannut tätä visaa